[Event "ICS rated blitz match"]
[Site "204.178.125.65"]
[Date "2001.08.11"]
[Round "?"]
[White "Tinker"]
[Black "Hossa"]
[Result "1/2-1/2"]
[WhiteElo "2518"]
[BlackElo "2482"]
[PlyCount "215"]
[EventDate "2001.??.??"]

1. e4 c5 2. Nf3 Nc6 3. d4 cxd4 4. Nxd4 Nf6 5. Nc3 e6 6. Ndb5 Bb4 7. a3 Bxc3+ 8.
Nxc3 d5 9. exd5 exd5 10. Bd3 O-O 11. O-O d4 12. Ne2 Re8 13. Bb5 Qd5 14. Bxc6
bxc6 15. Nf4 Qe5 16. Nd3 Qe2 17. Bf4 Bf5 18. Re1 Qxd1 19. Raxd1 Nd7 20. Bd6 g5
21. Rc1 a5 22. Re7 Kg7 23. Rce1 Rxe7 24. Bxe7 Bxd3 25. cxd3 Rb8 26. b4 axb4 27.
axb4 Re8 28. Kf1 Kg6 29. h4 gxh4 30. Bxh4 Rxe1+ 31. Kxe1 Nb6 32. Be7 Nd5 33.
Bd6 Kf5 34. g3 Kg4 35. Bc5 Kf3 36. Kf1 f5 37. Ke1 f4 38. Bxd4 Nxb4 39. Kd2 fxg3
40. fxg3 Kxg3 41. Ke2 Nd5 42. Bf2+ Kg4 43. Bc5 h5 44. Bd6 h4 45. Kf2 h3 46. Bh2
Nf4 47. Ke3 Ne6 48. Kf2 Nd4 49. Bd6 Nf3 50. Kf1 Kf5 51. Kf2 Ke6 52. Bf8 h2 53.
Kg2 Kd5 54. Bg7 Kc5 55. Kh1 Kb4 56. Bf6 Kb3 57. Ba1 Kc2 58. d4 Kd2 59. Bb2 Kd3
60. Ba1 Kc2 61. Kg2 Kb3 62. Kh1 Kc4 63. Bb2 Kd5 64. Kg2 Kc4 65. Kh1 Ng5 66. Ba3
Kb3 67. Be7 Nf3 68. Bc5 Kc4 69. Bb6 Kc3 70. Kg2 Kc2 71. Kh1 Kd3 72. Ba7 Ke4 73.
Bc5 Kd5 74. Ba7 Kd6 75. Kg2 Ke6 76. Bc5 Kf5 77. Kh1 Ke4 78. Bb6 Kf4 79. Kg2 Kf5
80. Kh1 Kg4 81. Kg2 Kf4 82. Bc5 Kg5 83. Kh1 Kg6 84. Bb6 Kf7 85. Kg2 Ke8 86. Bc5
Kd8 87. Kh1 Kc7 88. Be7 Kb6 89. Bf8 Kb5 90. Bc5 Ka4 91. Bd6 Kb3 92. Bc5 Kc3 93.
Ba7 Kb2 94. Kg2 Kc2 95. Bb6 Kd3 96. Bc5 Kc4 97. Ba7 Kb3 98. Kh1 Kc3 99. Bc5 Kd3
100. Kg2 Ke2 101. Bb6 Kd1 102. Kh1 Kd2 103. Bc5 Ke2 104. Bb6 Ke1 105. Ba7 Kf1
106. Bc5 Ke1 107. Ba7 Kf1 108. Bb6 {Game drawn by the 50 move rule} 1/2-1/2

[Event "ICS rated blitz match"]
[Site "204.178.125.65"]
[Date "2001.08.11"]
[Round "?"]
[White "Hossa"]
[Black "Tinker"]
[Result "1-0"]
[WhiteElo "2484"]
[BlackElo "2516"]
[PlyCount "127"]
[EventDate "2001.??.??"]

1. c4 e5 2. Nf3 e4 3. Nd4 Nc6 4. Nxc6 dxc6 5. Nc3 Nf6 6. d4 Bb4 7. a3 Bxc3+ 8.
bxc3 h6 9. e3 c5 10. Be2 O-O 11. a4 Qe7 12. Ba3 b6 13. a5 a6 14. O-O Re8 15.
Rb1 bxa5 16. Bxc5 Qd7 17. Ra1 Qf5 18. Rxa5 Qh7 19. Qd2 Qg6 20. Rb1 Bh3 21. Bf1
Nd7 22. Bb4 Nb6 23. Qa2 Nd7 24. Ra1 Nb8 25. Qd2 Bc8 26. Rb1 Nc6 27. Ra2 Bb7 28.
Bc5 Reb8 29. Be2 Bc8 30. Rxb8 Rxb8 31. Qc1 Bh3 32. Bf1 Ra8 33. Rb2 Bc8 34. Qc2
a5 35. Rb5 Nd8 36. Ba3 f6 37. Be7 Nc6 38. Bc5 Ba6 39. Rb2 Nd8 40. Qa4 Bc8 41.
Be7 Ne6 42. Qb5 Kh7 43. Qd5 Ra6 44. Rb8 c6 45. Qd6 Ng5 46. Qg3 Bf5 47. d5 cxd5
48. cxd5 Ra7 49. Bc5 Rd7 50. c4 Nf7 51. Qxg6+ Kxg6 52. Bd4 a4 53. Ra8 Bg4 54.
Rxa4 Bd1 55. Ra7 Rxa7 56. Bxa7 Bb3 57. Bd4 Kg5 58. Be2 Nd6 59. c5 Nf5 60. d6
Ba4 61. Bc4 g6 62. Be6 h5 63. d7 Bxd7 64. h4+ {Tinker resigns} 1-0

[Event "ICS rated standard match"]
[Site "204.178.125.65"]
[Date "2001.08.11"]
[Round "?"]
[White "PostModernist"]
[Black "Hossa"]
[Result "1-0"]
[WhiteElo "2424"]
[BlackElo "2192"]
[PlyCount "110"]
[EventDate "2001.??.??"]

1. e4 c5 2. Nc3 Nc6 3. Nf3 g6 4. d4 cxd4 5. Nxd4 Bg7 6. Be3 Nh6 7. Be2 O-O 8.
g4 Nxd4 9. Bxd4 f6 10. Qd2 d6 11. f3 Nf7 12. O-O-O Bh6 13. f4 e5 14. Be3 exf4
15. Bxf4 Bxf4 16. Qxf4 Be6 17. h3 Rc8 18. Rhf1 Kg7 19. h4 Rxc3 20. bxc3 Bxa2
21. c4 Ne5 22. c5 Qa5 23. g5 Qa3+ 24. Kd2 f5 25. exf5 Rxf5 26. Qe4 Qxc5 27.
Qxb7+ Bf7 28. Qb2 Rf2 29. Ke1 Rh2 30. Rd4 Bd5 31. Rff4 a5 32. Kd1 Be6 33. Rf6
Bd5 34. c4 Bg8 35. Rfxd6 Bf7 36. Qb5 Qxb5 37. cxb5 Bb3+ 38. Ke1 Rh1+ 39. Kf2
Rh2+ 40. Kf1 a4 41. b6 a3 42. b7 a2 43. Ra6 Nc6 44. Rd7+ Kh8 45. Ra8+ Bg8 46.
Bf3 Nb8 47. Rd8 Kg7 48. Rxg8+ Kxg8 49. Rxb8+ Kg7 50. Rg8+ Kxg8 51. b8=Q+ Kf7
52. Bd5+ Ke7 53. Qc7+ Ke8 54. Bc6+ Kf8 55. Qd8+ Kf7 {Hossa resigns} 1-0

[Event "ICS rated blitz match"]
[Site "204.178.125.65"]
[Date "2001.08.11"]
[Round "?"]
[White "Hossa"]
[Black "Porthos"]
[Result "1-0"]
[WhiteElo "2501"]
[BlackElo "2036"]
[PlyCount "71"]
[EventDate "2001.??.??"]

1. d4 Nf6 2. c4 c6 3. Nc3 d5 4. Nf3 e6 5. Bg5 Be7 6. e3 O-O 7. Bd3 Nbd7 8. cxd5
exd5 9. O-O Re8 10. Qc2 Ne4 11. Bxe4 dxe4 12. Nxe4 h6 13. Bxe7 Qxe7 14. Ng3 Nf6
15. b3 Bg4 16. Ne5 Be6 17. Nf5 Qf8 18. Nc4 Nd5 19. Nfd6 Re7 20. Ne5 Rc7 21. Nf5
Nb4 22. Qe4 Nd5 23. Qg4 Bxf5 24. Qxf5 Nf6 25. a3 a5 26. Nc4 b5 27. Ne5 Qe7 28.
Rfc1 Ra6 29. b4 a4 30. Rc5 Nd5 31. Nxc6 Raxc6 32. Qxd5 Rxc5 33. bxc5 Qf6 34.
Rb1 Qa6 35. Qd8+ Kh7 36. Qxc7 {Porthos resigns} 1-0

[Event "ICS rated blitz match"]
[Site "204.178.125.65"]
[Date "2001.08.11"]
[Round "?"]
[White "RedBear"]
[Black "Hossa"]
[Result "1-0"]
[WhiteElo "2626"]
[BlackElo "2503"]
[PlyCount "106"]
[EventDate "2001.??.??"]

1. e4 c5 2. Nf3 Nc6 3. d4 cxd4 4. Nxd4 e5 5. Nb5 d6 6. c4 Be7 7. N1c3 a6 8. Na3
Be6 9. Be2 Nd4 10. O-O Nxe2+ 11. Qxe2 Nf6 12. Nc2 Rc8 13. Ne3 O-O 14. Bd2 Qc7
15. b3 b6 16. Ncd5 Bxd5 17. Nxd5 Nxd5 18. exd5 Qd7 19. a4 f5 20. Qh5 f4 21.
Rfe1 Bd8 22. Kf1 b5 23. cxb5 axb5 24. a5 f3 25. gxf3 Rf5 26. Qh3 Qf7 27. f4 g6
28. Qd3 Rc5 29. a6 Rxd5 30. Qe3 Rc5 31. a7 Rc8 32. a8=Q Rxa8 33. Rxa8 Qd7 34.
Qa7 Qxa7 35. Rxa7 Bb6 36. Rd7 Bc5 37. b4 Bd4 38. Rxd6 g5 39. Rd8+ Kf7 40. Rd7+
Kg6 41. Rc1 gxf4 42. Rc6+ Rf6 43. Rxf6+ Kxf6 44. Rxh7 Kf5 45. Ke2 Bb2 46. Rb7
Bd4 47. f3 Kg6 48. Kd3 Kf5 49. Rxb5 Bg1 50. Bc3 Ke6 51. Rxe5+ Kd7 52. h4 Bb6
53. h5 Bc7 {Hossa resigns} 1-0

[Event "ICS rated blitz match"]
[Site "204.178.125.65"]
[Date "2001.08.11"]
[Round "?"]
[White "Hossa"]
[Black "Kob"]
[Result "1-0"]
[WhiteElo "2501"]
[BlackElo "2124"]
[PlyCount "39"]
[EventDate "2001.??.??"]

1. d4 d5 2. c4 c6 3. Nc3 Nf6 4. e3 e6 5. Nf3 Nbd7 6. Bd3 dxc4 7. Bxc4 b5 8. Bd3
a6 9. e4 c5 10. e5 cxd4 11. Nxb5 Ng4 12. Nd6+ Bxd6 13. exd6 Bb7 14. Qa4 e5 15.
Bg5 f6 16. Bc1 Nh6 17. Bxh6 gxh6 18. Bf5 Rc8 19. Qb3 Nc5 20. d7+ {Kob resigns}
1-0

[Event "ICS rated blitz match"]
[Site "204.178.125.65"]
[Date "2001.08.11"]
[Round "?"]
[White "Hossa"]
[Black "Kob"]
[Result "1-0"]
[WhiteElo "2507"]
[BlackElo "2118"]
[PlyCount "57"]
[EventDate "2001.??.??"]

1. d4 d5 2. Nc3 c6 3. e4 dxe4 4. Nxe4 g6 5. Nf3 Bg7 6. Bc4 Nd7 7. Nfg5 Nh6 8.
Bxf7+ Nxf7 9. Ne6 Qb6 10. Nxg7+ Kf8 11. Ne6+ Kg8 12. O-O Nf6 13. N4c5 Nd8 14.
Na4 Qa5 15. Nxd8 Qxd8 16. Bf4 Kg7 17. Qd2 Re8 18. Rfe1 Bf5 19. Nc5 b6 20. Ne6+
Bxe6 21. Rxe6 Qd5 22. Rae1 Kf7 23. Qe3 Qd7 24. Bh6 Rad8 25. c3 c5 26. dxc5 bxc5
27. Qe5 c4 28. Bg5 Kg8 29. Bxf6 {Kob resigns} 1-0

[Event "ICS rated blitz match"]
[Site "204.178.125.65"]
[Date "2001.08.11"]
[Round "?"]
[White "Hossa"]
[Black "RedBear"]
[Result "1-0"]
[WhiteElo "2513"]
[BlackElo "2620"]
[PlyCount "111"]
[EventDate "2001.??.??"]

1. d4 d5 2. c4 e6 3. Nf3 Nf6 4. Nc3 Be7 5. Bg5 O-O 6. e3 Nbd7 7. c5 c6 8. Bd3
h6 9. Bf4 Nh5 10. Be5 Nxe5 11. Nxe5 Nf6 12. f4 Bd7 13. g4 g6 14. Qc2 Be8 15. h4
Nd7 16. Nxd7 Bxh4+ 17. Kd1 Bxd7 18. Bxg6 Qe7 19. Bh7+ Kh8 20. Bd3 e5 21. Qh2
exd4 22. exd4 Qe3 23. Be2 Qxd4+ 24. Kc2 Bxg4 25. Qxh4 Bf5+ 26. Kb3 Rfe8 27.
Qxh6+ Kg8 28. Rag1+ Bg6 29. f5 Rxe2 30. Qh7+ Kf8 31. Qh8+ Qxh8 32. Rxh8+ Kg7
33. Rxa8 Re7 34. Rxa7 Kf6 35. fxg6 fxg6 36. Rg4 Ke5 37. Rxg6 Rh7 38. Rg4 Rf7
39. Rb4 Rf6 40. Raxb7 Rg6 41. Re7+ Re6 42. Rxe6+ Kxe6 43. a4 Ke5 44. Ne2 Kf6
45. a5 Ke6 46. Nd4+ Ke5 47. a6 Kf4 48. a7 Kg3 49. Nf5+ Kf3 50. a8=Q d4 51.
Nxd4+ Kg3 52. Qg8+ Kf2 53. Qg4 Ke3 54. Qf3+ Kd2 55. Qe2+ Kc1 56. Qe1# {
RedBear checkmated} 1-0

[Event "ICS rated blitz match"]
[Site "204.178.125.65"]
[Date "2001.08.11"]
[Round "?"]
[White "RedBear"]
[Black "Hossa"]
[Result "1/2-1/2"]
[WhiteElo "2599"]
[BlackElo "2534"]
[PlyCount "132"]
[EventDate "2001.??.??"]

1. e4 c5 2. Nf3 Nc6 3. d4 cxd4 4. Nxd4 e6 5. Nc3 Nf6 6. Ndb5 Bb4 7. a3 Bxc3+ 8.
Nxc3 d5 9. exd5 exd5 10. Bd3 O-O 11. O-O Bg4 12. f3 Be6 13. Bg5 Re8 14. Qd2
Qb6+ 15. Qf2 Qxf2+ 16. Kxf2 Nd7 17. Nb5 Rec8 18. Nd6 Rc7 19. Rfd1 Nde5 20. Nb5
Rd7 21. Bf4 Nxd3+ 22. Rxd3 a6 23. Nd4 Nxd4 24. Rxd4 Rc8 25. c3 Re8 26. Re1 h6
27. Rdd1 f6 28. h4 g5 29. hxg5 hxg5 30. Bg3 Kf7 31. Rd4 f5 32. Be5 Kg6 33. f4
Rde7 34. Rd3 gxf4 35. Bxf4 Bg8 36. Rg3+ Kf7 37. Rxe7+ Rxe7 38. Kf3 Re1 39. Bh6
Rh1 40. Rg7+ Kf6 41. Rxg8 Rxh6 42. Rb8 Rh7 43. Rf8+ Ke5 44. Re8+ Kf6 45. b3 Rc7
46. Re3 Rc6 47. Ke2 Rb6 48. b4 Rc6 49. Kd3 Rc4 50. Rg3 Re4 51. Rg8 Ke5 52. Re8+
Kd6 53. Rd8+ Kc6 54. Rc8+ Kd7 55. Rg8 f4 56. Rg6 Rc4 57. Rh6 Re4 58. Rf6 Kc7
59. Rg6 Kd7 60. a4 a5 61. Rg7+ Kc6 62. Rg6+ Kc7 63. bxa5 Rxa4 64. Rg4 Re4 65.
Rg6 Ra4 66. Rg4 Re4 {Game drawn by mutual agreement} 1/2-1/2

[Event "ICS rated blitz match"]
[Site "204.178.125.65"]
[Date "2001.08.11"]
[Round "?"]
[White "NDA"]
[Black "Hossa"]
[Result "0-1"]
[WhiteElo "2528"]
[BlackElo "2540"]
[PlyCount "136"]
[EventDate "2001.??.??"]

1. d4 Nf6 2. Bg5 e6 3. e4 h6 4. Bxf6 Qxf6 5. Nf3 d6 6. Nc3 Nd7 7. Qd2 c6 8.
O-O-O d5 9. Qe3 Kd8 10. e5 Qe7 11. Nb1 Kc7 12. h3 b6 13. c3 Bb7 14. Bd3 g6 15.
Na3 Bg7 16. Qf4 h5 17. g4 Rad8 18. g5 Kb8 19. Kb1 Rhg8 20. Nc2 c5 21. Rhe1 c4
22. Bf1 Qe8 23. Bg2 Rc8 24. Ne3 Rc7 25. Re2 Nf8 26. Rh1 Qa4 27. Rhe1 Nh7 28.
Rd2 Rd8 29. Rdd1 Bf8 30. Re2 Be7 31. Rde1 Rf8 32. Rd2 Rcc8 33. Red1 Rcd8 34.
Qh4 b5 35. Nc2 a5 36. Qf4 b4 37. Ne3 bxc3 38. bxc3 Rc8 39. Rb2 Ba3 40. Re2 Rc6
41. Ka1 Rb6 42. Rb1 Rxb1+ 43. Kxb1 Qb5+ 44. Ka1 Ka8 45. h4 Bc6 46. Rc2 Rb8 47.
Nd2 Qb7 48. Nexc4 dxc4 49. Bxc6 Qxc6 50. f3 Qb6 51. Qe4+ Rb7 52. f4 Bb2+ 53.
Kb1 Bxc3+ 54. Kc1 Qb4 55. Kd1 Bxd2 56. a3 Qxa3 57. Kxd2 Qg3 58. Rxc4 Qxh4 59.
Rc7 Qf2+ 60. Kd1 Qb2 61. Rxf7 Qb1+ 62. Qxb1 Rxb1+ 63. Kd2 Rb7 64. f5 Rxf7 65.
fxg6 Rb7 66. gxh7 Rxh7 67. d5 exd5 68. Kd3 a4 {NDA resigns} 0-1

[Event "ICS rated blitz match"]
[Site "204.178.125.65"]
[Date "2001.08.11"]
[Round "?"]
[White "kako"]
[Black "Hossa"]
[Result "0-1"]
[WhiteElo "2141"]
[BlackElo "2575"]
[PlyCount "81"]
[EventDate "2001.??.??"]

1. e4 c5 2. Nc3 Nc6 3. Nf3 d6 4. d4 cxd4 5. Nxd4 e5 6. Ndb5 a6 7. Na3 Nf6 8.
Bg5 Be7 9. Bxf6 Bxf6 10. Nd5 Be6 11. Nc4 O-O 12. Ncb6 Bxd5 13. Nxd5 Bh4 14. g3
Bg5 15. Bg2 Ne7 16. O-O Nxd5 17. Qxd5 Qb6 18. Qb3 Qxb3 19. axb3 Bd8 20. Rad1
Be7 21. Rd5 g6 22. Rfd1 Kg7 23. Bh3 b6 24. Kf1 f5 25. Bg2 Rac8 26. c3 f4 27.
Ke2 fxg3 28. hxg3 Rc5 29. b4 Rxd5 30. Rxd5 Kf7 31. Bh3 h6 32. Rd1 Rb8 33. Ra1
a5 34. bxa5 bxa5 35. Ra2 Bd8 36. Kd2 Bb6 37. f3 Bf2 38. g4 Kf6 39. Bf1 Kg5 40.
Ke2 Bb6 41. Bg2 {kako resigns} 0-1

[Event "ICS rated standard match"]
[Site "204.178.125.65"]
[Date "2001.08.11"]
[Round "?"]
[White "Tinker"]
[Black "Hossa"]
[Result "0-1"]
[WhiteElo "2367"]
[BlackElo "2181"]
[PlyCount "254"]
[EventDate "2001.??.??"]

1. e4 c5 2. Nf3 Nc6 3. d4 cxd4 4. Nxd4 e6 5. Nc3 Nf6 6. Ndb5 Bb4 7. a3 Bxc3+ 8.
Nxc3 d5 9. exd5 exd5 10. Bd3 O-O 11. O-O Bg4 12. Be2 Bxe2 13. Qxe2 Re8 14. Qf3
d4 15. Ne2 Qd7 16. Rd1 Ne5 17. Qf4 d3 18. Ng3 Rad8 19. Qh4 Qc6 20. cxd3 Nxd3
21. Bg5 Qb6 22. Nf5 Re4 23. Be3 Qe6 24. Nxg7 Kxg7 25. Qh6+ Kg8 26. Bg5 Re8 27.
h3 Ng4 28. hxg4 Nxb2 29. Qxe6 R8xe6 30. Rd8+ Kg7 31. Be3 Nc4 32. Bxa7 b6 33.
Rd7 Rxg4 34. Bb8 Re2 35. Rb1 Ra2 36. Ra7 Rg5 37. Rb4 Rc5 38. Rc7 Rc2 39. a4 Kf6
40. Rb5 Ra2 41. Rbxc5 bxc5 42. Ba7 Rxa4 43. Bxc5 Ne5 44. Kf1 Ke6 45. Ra7 Rg4
46. Re7+ Kd5 47. Ba3 h5 48. Ra7 f6 49. Ra5+ Ke6 50. Ra6+ Kf5 51. Be7 Rg6 52. g3
Nd7 53. Rd6 Ne5 54. Ke2 Rh6 55. f3 Nf7 56. Rb6 Ne5 57. Kf2 Rg6 58. Rd6 Nc4 59.
Rc6 Ne5 60. Rb6 Nd7 61. Rb5+ Ke6 62. Ba3 Rg5 63. Rb3 Rg8 64. Bc1 Ne5 65. Rb6+
Kf5 66. Rb5 Rc8 67. Bd2 Kg6 68. Rb3 Rc2 69. Ke1 Nc4 70. Bf4 Rg2 71. Rb5 Ra2 72.
Kf1 Rc2 73. Rd5 Rb2 74. Kg1 Ra2 75. Rc5 Na5 76. Kf1 Nb3 77. Rd5 Rb2 78. Be3 Rc2
79. Ke1 Ra2 80. Rd8 Na1 81. Kd1 Rg2 82. Rh8 Rh2 83. Bd2 Nb3 84. Bc3 Nc5 85. Rf8
Nd7 86. Rg8+ Kf7 87. Ra8 Rg2 88. Be1 Ne5 89. Ra7+ Ke6 90. Ra6+ Kf5 91. Ra5 Kg6
92. Ra3 Nc4 93. Rb3 Nd6 94. Rc3 Nf5 95. f4 Kf7 96. Kc1 Nd6 97. Re3 Ra2 98. Kd1
Nf5 99. Rd3 Rg2 100. Rf3 Rh2 101. Kc1 Kg6 102. Rd3 Ra2 103. Kd1 Kf7 104. Rc3
Ke6 105. Bd2 Kd5 106. Rd3+ Ke4 107. Rc3 Nd4 108. Re3+ Kd5 109. Rd3 Ra1+ 110.
Bc1 Kc4 111. Re3 Ra2 112. Bd2 Rb2 113. Rc3+ Kd5 114. Be1 Rg2 115. Rc8 Nf3 116.
Bb4 Ke4 117. Rg8 Kd3 118. Rd8+ Nd4 119. Be1 Ra2 120. Rc8 Ra1+ 121. Rc1 Rxc1+
122. Kxc1 Ne2+ 123. Kb1 Ke4 124. Kc2 Kf3 125. Bb4 Nxg3 126. f5 h4 127. Be7 Ne4
{Tinker resigns} 0-1

[Event "ICS rated blitz match"]
[Site "204.178.125.65"]
[Date "2001.08.11"]
[Round "?"]
[White "Hossa"]
[Black "acs"]
[Result "1-0"]
[WhiteElo "2577"]
[BlackElo "2064"]
[PlyCount "43"]
[EventDate "2001.??.??"]

1. c4 Nc6 2. Nf3 e5 3. d4 exd4 4. Nxd4 Bb4+ 5. Bd2 Bxd2+ 6. Qxd2 Nxd4 7. Qxd4
Qf6 8. e3 Qxd4 9. exd4 Ne7 10. Nc3 d6 11. Kd2 Bd7 12. Re1 Kd8 13. Bd3 Bf5 14.
Rxe7 Bxd3 15. Rxf7 Bxc4 16. Rxg7 a5 17. b3 Be6 18. Re1 Bf5 19. Ree7 Rc8 20. Nb5
Re8 21. Ref7 Bg6 22. Rd7# {acs checkmated} 1-0

[Event "ICS rated blitz match"]
[Site "204.178.125.65"]
[Date "2001.08.12"]
[Round "?"]
[White "nyul"]
[Black "Hossa"]
[Result "0-1"]
[WhiteElo "2001"]
[BlackElo "2579"]
[PlyCount "60"]
[EventDate "2001.??.??"]

1. e4 c5 2. c4 Nc6 3. d3 d6 4. Nc3 Nf6 5. Nf3 e5 6. h3 Be7 7. Be3 O-O 8. Qd2
Nd4 9. Be2 Bd7 10. Bd1 Qc7 11. O-O Bc6 12. b3 Nd7 13. a4 f5 14. Bg5 Bxg5 15.
Nxg5 fxe4 16. dxe4 h6 17. Nf3 Nf6 18. Re1 Qf7 19. Nxd4 cxd4 20. Nd5 Bd7 21.
Nxf6+ Qxf6 22. Bg4 Bxg4 23. hxg4 Rf7 24. f3 Qh4 25. Qf2 Qg5 26. Rad1 h5 27.
gxh5 Raf8 28. Kf1 Rf4 29. Re2 Rh4 30. Kg1 Qxh5 {nyul resigns} 0-1

[Event "ICS rated blitz match"]
[Site "204.178.125.65"]
[Date "2001.08.12"]
[Round "?"]
[White "Hossa"]
[Black "nyul"]
[Result "1-0"]
[WhiteElo "2580"]
[BlackElo "2000"]
[PlyCount "77"]
[EventDate "2001.??.??"]

1. c4 e5 2. Nc3 d6 3. g3 c5 4. Bg2 Nc6 5. a3 Nf6 6. f4 exf4 7. gxf4 Be7 8. Nf3
O-O 9. O-O Be6 10. b3 d5 11. Ne5 d4 12. Bxc6 bxc6 13. Nxc6 Qc7 14. Nxe7+ Qxe7
15. f5 Bxf5 16. Rxf5 dxc3 17. dxc3 Rad8 18. Qc2 Ne4 19. Be3 g6 20. Rf3 f5 21.
b4 Rfe8 22. Rc1 Ng5 23. Rg3 Ne4 24. Rg2 Qc7 25. bxc5 Nxc5 26. Bd4 Ne4 27. Qa4
Ra8 28. Qb5 Qf7 29. Rf1 Nd6 30. Qc5 Rad8 31. h4 Qxc4 32. Qxa7 Qf7 33. Qc5 Qc4
34. Rxf5 Qxc5 35. Rxc5 Ne4 36. Rc7 Ra8 37. Rg7+ Kf8 38. Rg4 Rxa3 39. Rf4+ {
nyul resigns} 1-0

[Event "ICS rated blitz match"]
[Site "204.178.125.65"]
[Date "2001.08.12"]
[Round "?"]
[White "Hossa"]
[Black "MartindelCampo"]
[Result "1-0"]
[WhiteElo "2581"]
[BlackElo "2605"]
[PlyCount "93"]
[EventDate "2001.??.??"]

1. c4 Nf6 2. Nc3 g6 3. g3 Bg7 4. Nf3 O-O 5. Bg2 d6 6. O-O c6 7. d4 Qa5 8. e4
Bg4 9. h3 Bxf3 10. Bxf3 Nfd7 11. Be3 c5 12. Nb5 cxd4 13. Nxd4 Nc6 14. Nxc6 bxc6
15. Qe2 Rab8 16. Rfb1 Ne5 17. Bg2 c5 18. Bd2 Qa6 19. Bf1 Nc6 20. Be3 Rb7 21. a4
Rfb8 22. Ra2 Rb4 23. a5 Rb3 24. h4 Nb4 25. Ra3 Nc6 26. Rxb3 Rxb3 27. Bd2 Nd4
28. Qd1 Nf3+ 29. Kh1 Qb7 30. Be3 Nd4 31. Bd3 Rxb2 32. Rxb2 Qxb2 33. Qa4 Bf6 34.
Bh6 Qb8 35. Kg2 Bg7 36. Be3 h6 37. Qd7 Qf8 38. Bxd4 Bxd4 39. Qxa7 e6 40. Qb7
Qg7 41. a6 Qf6 42. f3 Be3 43. a7 Qc3 44. a8=Q+ Kg7 45. Qbb8 Qd2+ 46. Kh3 Qxd3
47. Qh8# {MartindelCampo checkmated} 1-0

[Event "ICS rated blitz match"]
[Site "204.178.125.65"]
[Date "2001.08.12"]
[Round "?"]
[White "sirezex"]
[Black "Hossa"]
[Result "0-1"]
[WhiteElo "2101"]
[BlackElo "2598"]
[PlyCount "45"]
[EventDate "2001.??.??"]

1. d4 Nf6 2. Nf3 g6 3. e3 Bg7 4. Bd3 O-O 5. O-O d5 6. c3 Nc6 7. Nbd2 e5 8. dxe5
Ng4 9. e4 Ncxe5 10. Bc2 dxe4 11. Bxe4 f5 12. Bc2 Be6 13. Nxe5 Nxe5 14. Bb3 Bf7
15. Nf3 Qxd1 16. Bxd1 Nd3 17. Bc2 Nxc1 18. Raxc1 Rfe8 19. a3 Re2 20. Rfe1 Rae8
21. Rxe2 Rxe2 22. h3 Bh6 23. Re1 {sirezex resigns} 0-1

[Event "ICS rated blitz match"]
[Site "204.178.125.65"]
[Date "2001.08.12"]
[Round "?"]
[White "mmrigos"]
[Black "Hossa"]
[Result "0-1"]
[WhiteElo "2101"]
[BlackElo "2600"]
[PlyCount "148"]
[EventDate "2001.??.??"]

1. d4 Nf6 2. Nc3 d5 3. e3 Bd7 4. Nf3 g6 5. h3 Bg7 6. Bd3 Nc6 7. a3 O-O 8. O-O
Be6 9. Bd2 Qc8 10. Ne2 Bf5 11. Nc1 Bxd3 12. Nxd3 Ne4 13. Be1 Qf5 14. Nd2 Nxd2
15. Qxd2 Bf6 16. Nb4 Nxb4 17. axb4 c6 18. Qd3 Qxd3 19. cxd3 Kg7 20. Bc3 e6 21.
f4 g5 22. g3 Be7 23. Ra4 gxf4 24. gxf4 Rg8 25. Kh2 Kf6 26. Raa1 Bd6 27. Rg1 a6
28. Rg4 h5 29. Rxg8 Rxg8 30. Rg1 Rg6 31. Rxg6+ fxg6 32. Kg3 g5 33. Kf3 gxf4 34.
exf4 Kf5 35. Bd2 b6 36. b3 Be7 37. Kg3 Bf6 38. Be3 Bd8 39. Kf3 Be7 40. Bd2 Bd6
41. Kg3 Bb8 42. Kf3 Bc7 43. Kg3 h4+ 44. Kf3 Bd8 45. Be3 b5 46. Bd2 Bf6 47. Be3
Be7 48. Bd2 Bd6 49. Be3 Bxb4 50. Bf2 a5 51. Be3 a4 52. bxa4 bxa4 53. Bc1 a3 54.
Bxa3 Bxa3 55. Ke3 Bb2 56. Kf3 Bxd4 57. Ke2 Kxf4 58. Kd2 Be3+ 59. Kc3 Kg3 60.
Kc2 Bd4 61. Kb3 Kxh3 62. Kb4 c5+ 63. Kb5 c4 64. dxc4 dxc4 65. Kxc4 Kg3 66. Kxd4
h3 67. Ke5 h2 68. Kxe6 Kf4 69. Kf6 h1=Q 70. Ke6 Qc6+ 71. Kf7 Kf5 72. Ke7 Qc7+
73. Ke8 Kg6 74. Kf8 Qf7# {mmrigos checkmated} 0-1

[Event "ICS rated blitz match"]
[Site "204.178.125.65"]
[Date "2001.08.12"]
[Round "?"]
[White "Hossa"]
[Black "parnenzinij"]
[Result "1-0"]
[WhiteElo "2607"]
[BlackElo "2232"]
[PlyCount "27"]
[EventDate "2001.??.??"]

1. d4 Nf6 2. Nf3 d5 3. c4 c6 4. Nc3 e6 5. e3 Be7 6. b3 O-O 7. Bd3 Re8 8. Bb2
Bf8 9. Qc2 Nbd7 10. O-O-O a5 11. h4 h5 12. Ng5 b5 13. Bh7+ Kh8 14. Nxf7# {
parnenzinij checkmated} 1-0

[Event "ICS rated blitz match"]
[Site "204.178.125.65"]
[Date "2001.08.12"]
[Round "?"]
[White "monsoon"]
[Black "Hossa"]
[Result "0-1"]
[WhiteElo "2545"]
[BlackElo "2596"]
[PlyCount "178"]
[EventDate "2001.??.??"]

1. d4 Nf6 2. c4 e6 3. Nf3 b6 4. a3 Be7 5. Nc3 Bb7 6. d5 exd5 7. cxd5 O-O 8. e4
Re8 9. Bd3 c6 10. O-O cxd5 11. exd5 Na6 12. Bf4 d6 13. Bb5 Rf8 14. Nd4 Nc7 15.
Nc6 Bxc6 16. Bxc6 Rc8 17. Be3 Rb8 18. Qa4 a6 19. Rac1 b5 20. Qb4 Rc8 21. Qd4
Nd7 22. Ne4 f5 23. Ng3 Bf6 24. Qb4 Ne5 25. Nxf5 Nd3 26. Qxd6 Nxc1 27. Rxc1 Bxb2
28. Ne7+ Kh8 29. Nxc8 Bxc1 30. Bxc1 Qxc8 31. Be3 Qf5 32. h3 Ne8 33. Qb8 Rg8 34.
Qb7 Nd6 35. Qxa6 Qb1+ 36. Kh2 Qb2 37. Bf4 Nf5 38. Qxb5 Qxf2 39. Be5 Ne3 40. d6
Rf8 41. Qb1 Nf1+ 42. Kh1 Qe2 43. Qe4 Ne3 44. Bh2 Qd1+ 45. Bg1 Nf5 46. Qf4 Qxd6
47. Qxd6 Nxd6 48. Bd4 Rc8 49. Bd7 Rc7 50. Bg4 Nb5 51. Be5 Rc5 52. Bf4 Nxa3 53.
Kh2 Nc4 54. Be6 Ne5 55. Bg3 g6 56. Bf4 Kg7 57. Be3 Rc7 58. Kg3 Kf6 59. Bd5 g5
60. Be4 h5 61. Kf2 Rc4 62. Bd5 Rc2+ 63. Kg3 h4+ 64. Kh2 g4 65. Kh1 Rc3 66. Bf2
Rc1+ 67. Bg1 g3 68. Be4 Nc4 69. Bd3 Ne3 70. Be2 Ke5 71. Bf3 Rf1 72. Be2 Rb1 73.
Bh5 Ra1 74. Bf3 Re1 75. Bg4 Nxg4 76. hxg4 Rf1 77. g5 Rf2 78. g6 Kf6 79. Bh2
gxh2 80. g7 Kxg7 81. Kxh2 Kg6 82. Kg1 Rd2 83. Kh2 Kh5 84. Kg1 Kg4 85. Kf1 Kg3
86. Ke1 Rxg2 87. Kd1 h3 88. Kc1 h2 89. Kb1 h1=Q# {monsoon checkmated} 0-1

[Event "ICS rated blitz match"]
[Site "204.178.125.65"]
[Date "2001.08.12"]
[Round "?"]
[White "Hossa"]
[Black "monsoon"]
[Result "0-1"]
[WhiteElo "2610"]
[BlackElo "2531"]
[PlyCount "146"]
[EventDate "2001.??.??"]

1. e4 c5 2. g3 Nc6 3. Bg2 g6 4. Ne2 Bg7 5. O-O e6 6. c3 Nge7 7. d3 d5 8. exd5
exd5 9. Bf4 O-O 10. Nd2 Bf5 11. Nb3 b6 12. d4 c4 13. Nd2 Qd7 14. Nf3 f6 15. Re1
g5 16. Be3 Be4 17. b3 Qf5 18. Nd2 Bxg2 19. Kxg2 cxb3 20. axb3 Rfe8 21. Nc1 Kh8
22. h3 a5 23. Kh2 Qg6 24. Ra2 Nf5 25. Qf3 Nce7 26. Nf1 Rac8 27. Bd2 Nd6 28. Ne3
Ne4 29. Ne2 b5 30. Rd1 Ra8 31. c4 dxc4 32. bxc4 b4 33. Be1 f5 34. Rda1 f4 35.
gxf4 Nc6 36. Rd1 gxf4 37. Nd5 Ng5 38. Qg4 Ne6 39. Qxg6 hxg6 40. Nexf4 Nxf4 41.
Nxf4 Nxd4 42. Nxg6+ Kh7 43. Nh4 Rec8 44. Rc1 Be5+ 45. Kh1 Rd8 46. Rd1 Bf6 47.
Ng2 Kg7 48. f4 Rh8 49. Kh2 Nf3+ 50. Kg3 Nxe1 51. Nxe1 Rhc8 52. Rc1 a4 53. Nf3
b3 54. Rd2 b2 55. Rd7+ Kh8 56. Rdd1 a3 57. Ne5 Bxe5 58. fxe5 Rd8 59. Rh1 a2 60.
Ra1 Rd3+ 61. Kf4 Rb3 62. Rxa2 Rxa2 63. Rb1 Ra1 64. Rxb2 Rxb2 65. c5 Rc2 66. c6
Rxc6 67. Kg5 Re1 68. e6 Rcxe6 69. Kf4 R1e3 70. h4 Kg7 71. Kg4 Kf6 72. Kh5 R3e4
73. Kh6 Rxh4# {Hossa checkmated} 0-1